000 00588nam a2200205 i 4500
001 87545
003 ES-MaACL
005 20230906175706.0
007 t|
008 041222s1978 sp ||||1| spa d
100 1 _aKriegel, Annie.
_968843
245 1 4 _aLos comunistas franceses /
_cAnnie Kriegel ; [traducción, Francesc Pallarés].
260 _a[Madrid] :
_bVillalar,
_c[1978]
300 _a389 p. ;
_c19 cm.
490 1 _aSimmerwald
700 1 _aPallarés, Francesc.
_988572
830 0 _aSimmerwald
_9231789
852 _aES-MaACL
_jA-8618
_bR.97694
999 _c87545
_d87545